Control System Engineering (Record no. 228208)

MARC details
000 -LEADER
fixed length control field 00451nam a2200193Ia 4500
008 - FIXED-LENGTH DATA ELEMENTS--GENERAL INFORMATION
fixed length control field 240823s9999||||xx |||||||||||||| ||und||
020 ## - INTERNATIONAL STANDARD BOOK NUMBER
International Standard Book Number 9.79E+11
082 ## - DEWEY DECIMAL CLASSIFICATION NUMBER
-- 629.8 Q7
100 ## - MAIN ENTRY--PERSONAL NAME
Personal name Satyanarayana P S
245 #0 - TITLE STATEMENT
Title Control System Engineering
250 ## - EDITION STATEMENT
Edition statement 2nd
260 ## - PUBLICATION, DISTRIBUTION, ETC. (IMPRINT)
Date of publication, distribution, etc 2017
Name of publisher, distributor, etc Med
500 ## - GENERAL NOTE
General note YES
650 ## - SUBJECT ADDED ENTRY--TOPICAL TERM
Topical term or geographic name as entry element Control System Engineering
942 ## - ADDED ENTRY ELEMENTS (KOHA)
Item type Books
Holdings
Withdrawn status Lost status Damaged status Permanent location Current location Date acquired Source of acquisition Cost, normal purchase price Full call number Barcode Date last seen Koha item type
      CENTRAL LIBRARY, NOORUL ISLAM CENTRE FOR HIGHER EDUCATION CENTRAL LIBRARY, NOORUL ISLAM CENTRE FOR HIGHER EDUCATION 01/10/2018 "Tamil Nadu Book House, Tirunelveli" 395.00 629.8 Q7 76648 08/23/2024 Books
Visitors:
Copyright © 2024 Central Library NICHE.  All rights reserved.